[Event "Hoogovens"]
[Site "Wijk aan Zee"]
[Date "1993.01.??"]
[Round "2"]
[White "Gelfand, Boris"]
[Black "Illescas Cordoba, Miguel"]
[Result "1-0"]
[WhiteElo "2690"]
[BlackElo "2615"]
[Annotator "Ftacnik,L"]
[PlyCount "79"]
[EventDate "1993.01.??"]
[EventType "k.o."]
[EventRounds "5"]
[EventCountry "NED"]
[SourceTitle "CBM 034"]
[Source "ChessBase"]
[SourceDate "1993.06.01"]
[SourceVersion "1"]
[SourceVersionDate "1993.06.01"]
[SourceQuality "1"]

1. d4 d5 2. c4 e6 3. Nc3 c5 4. cxd5 exd5 5. Nf3 Nc6 6. g3 Nf6 7. Bg2 Be7 8. O-O
O-O 9. Bg5 cxd4 10. Nxd4 h6 11. Bf4 Bg4 12. h3 Bh5 $5 $146 (12... Bd7) 13. Nf5
Bg6 14. Nxe7+ Qxe7 $5 (14... Nxe7 15. Be5) 15. Nxd5 (15. e3 Rad8 $36) 15...
Nxd5 16. Qxd5 Rad8 $1 (16... Qxe2 17. Qb3 $1 Qa6 18. Rfd1 $14) 17. Qc4 $8 Nd4
18. e4 $1 (18. e3 $2 Bd3 $1 $19) 18... b5 (18... Bxe4 $2 19. Rfe1 b5 20. Qc3 f5
21. f3 $18) 19. Qd3 f5 20. Rae1 Qf7 (20... Bh5 21. Kh1 Nf3 (21... Qf7 22. exf5
$1 (22. e5 $2 g5 23. Be3 f4 24. Bxd4 f3 $19) 22... Nf3 23. Qxb5 Nxe1 24. Rxe1
Qxf5 25. Qxf5 Rxf5 26. Re7 $14) 22. Qb3+ Qf7 23. Qxf7+ Rxf7 24. Rc1 $1 g5 (
24... fxe4 25. Rc5 g5 26. Be3 $14) 25. Bc7 Rdd7 26. Ba5 $14) 21. exf5 Bxf5 22.
Qc3 b4 23. Qc5 (23. Qxb4 Nc2 $10) 23... Ne6 (23... Qxa2 24. Ra1 Qxb2 25. Rxa7
$40) 24. Qxb4 Nxf4 (24... Bd3 25. Bd6 Rfe8 26. f4 $1 (26. Bc6 Bxf1 27. Rxf1 Ng5
$132) 26... Bxf1 27. Rxf1 $16) 25. gxf4 (25. Qxf4 Bd3 26. Qxf7+ Kxf7 $1 $10)
25... Qxa2 26. Re7 Rf7 $2 (26... Rb8 $1 27. Qd4 (27. Bb7 Qa6 $1 28. Qc3 Qf6 $10
) 27... Qxb2 28. Rxg7+ Kh8 29. Qxb2 Rxb2 30. Rxa7 Rg8 31. Kh1 Rb4 $10) 27. Rfe1
Rxe7 (27... a5 28. Qb6) 28. Rxe7 Qa6 29. Rxg7+ $1 Kxg7 30. Qe7+ Kg6 31. Qxd8
Qa1+ 32. Kh2 Qxb2 33. Qe8+ Kg7 (33... Kf6 $2 34. Qh8+ $18) 34. Qe7+ Kg6 35.
Qxa7 Qg7 36. Qc5 Qf6 37. Qd5 (37. Qe5 $5) 37... h5 38. Be4 h4 39. Bxf5+ Qxf5
40. Qg8+ (40. Qg8+ Kf6 41. Qd8+ Kg6 42. Qxh4 $18) 1-0

[Event "URS-chT Republics 19th Group1"]
[Site "Azov"]
[Date "1991.??.??"]
[Round "5"]
[White "Lerner, Konstantin Z"]
[Black "Graf, Alexander"]
[Result "1/2-1/2"]
[WhiteElo "2540"]
[BlackElo "2475"]
[Annotator "Ftacnik,L"]
[PlyCount "63"]
[EventDate "1991.??.??"]
[EventType "team-tourn"]
[EventRounds "5"]
[EventCountry "URS"]
[SourceTitle "CBM 025"]
[Source "ChessBase"]
[SourceDate "1991.12.01"]
[SourceVersion "1"]
[SourceVersionDate "1991.12.01"]
[SourceQuality "1"]
[WhiteTeam "Ukraine"]
[BlackTeam "Uzbekistan"]
[WhiteTeamCountry "UKR"]
[BlackTeamCountry "UZB"]

1. Nf3 Nf6 2. c4 c5 3. Nc3 e6 4. g3 d5 5. cxd5 exd5 6. d4 Nc6 7. Bg2 Be7 8. O-O
O-O 9. dxc5 Bxc5 10. Bg5 d4 11. Bxf6 Qxf6 12. Nd5 Qd8 13. Nd2 Re8 14. Re1 Bg4
15. Rc1 Bb6 16. Nc4 Ba5 17. Nxa5 Qxa5 18. b4 Nxb4 19. Qxd4 $5 {N} (19. Qd2 Nc6
20. Qxa5 (20. Qg5 d3 $1 21. Nf6+ Kf8 22. Qxa5 Nxa5 23. Nxe8 d2 24. Nd6 Be6 25.
Kf1 Rd8 26. Nxb7 Nxb7 27. Bxb7 Bxa2 28. Ra1 dxe1=Q+ 29. Kxe1 Rb8 $10 {Fominikh,
A-Miljanic,B/Budapest op/1990/ ->CBM 17 Express}) 20... Nxa5 21. f3 d3 $1 22.
Red1 dxe2 23. Re1 Rac8 24. Rc7 Be6 25. Ne7+ Rxe7 26. Rxe7 Kf8 27. Rxe6 fxe6 28.
Rxe2 $15 {Dreev,A-Ivanovic,B/Manila izt/1990/ ->CBM 19}) 19... Nxd5 (19... Nc2
20. Nf6+ Kh8 21. Qxg4 (21. Qd3 gxf6 22. Qxc2 $16) 21... Nxe1 22. Nxe8 Rxe8 23.
Rc8 $16) 20. Qxg4 (20. Bxd5 Rxe2 $10) 20... Rad8 (20... Qxa2 $6 21. Ra1 Qb3 22.
Reb1 Nf6 23. Qxg7+ Kxg7 24. Rxb3 $16) 21. Red1 Nf6 (21... Qxa2 $2 22. Qd4 Nf6
23. Qxd8 $18) 22. Qc4 b5 23. Qc2 h6 24. Bf3 Rxd1+ 25. Rxd1 Rd8 26. Rxd8+ Qxd8
27. Qc5 a6 28. Kg2 Qe8 29. e3 (29. Qb6 Qe6 $10) 29... Qe6 30. a3 Ne4 31. Qd4 f5
32. g4 {Ftacnik,L} 1/2-1/2

[Event "Asia-ch 4th"]
[Site "Doha"]
[Date "2003.02.23"]
[Round "2"]
[White "Rahman, Ziaur"]
[Black "Iuldachev, Saidali"]
[Result "1-0"]
[WhiteElo "2542"]
[BlackElo "2487"]
[Annotator "Ftacnik,L"]
[PlyCount "91"]
[EventDate "2003.02.22"]
[EventType "swiss"]
[EventRounds "9"]
[EventCountry "QAT"]
[SourceTitle "CBM 094"]
[Source "ChessBase"]
[SourceDate "2003.05.26"]
[SourceVersion "1"]
[SourceVersionDate "2003.05.26"]
[SourceQuality "1"]

1. Nf3 d5 2. d4 c5 3. c4 e6 4. cxd5 exd5 5. g3 Nf6 6. Bg2 Be7 7. O-O O-O 8. Nc3
Nc6 9. Bg5 cxd4 10. Nxd4 h6 11. Be3 Re8 12. Rc1 Bg4 13. h3 Be6 14. Nxe6 fxe6
15. f4 Kh8 16. Bf2 Bb4 17. Qb3 Qe7 18. a3 Bc5 (18... Bxc3 19. Rxc3 Rac8 20.
Rfc1 $14) 19. Bxc5 Qxc5+ 20. Kh2 Qe3 {White is soemwhat better with his bishop
and potential to open up the center, so black is looking for tactical
counterplay.} (20... Na5 21. Qb5 Qxb5 22. Nxb5 Re7 23. Rc7 $14) 21. Rcd1 $6 (
21. Qxb7 Nd4 22. Rcd1 $1 Rab8 23. Qa6 Nb3 24. Rd3 $16) 21... Na5 22. Qb4 Nc4 (
22... b6 23. Rd3 Qc5 24. Nb5 $14) 23. Rd3 Qb6 24. Qxb6 axb6 $5 {Much better to
spoil the structure than to let white get easy advantage with the timely e2-e4.
} (24... Nxb6 25. e4 $1 Rad8 (25... dxe4 26. Nxe4 Nxe4 27. Bxe4 $16) 26. e5
Nfd7 27. Nb5 $16) 25. Rb1 Nd6 (25... g5 26. fxg5 hxg5 27. e4 $14) 26. Rd4 Rac8
27. Rb4 Rc6 28. g4 g5 29. e3 Kg7 (29... Nc4 $5 30. fxg5 (30. Re1 Nxb2 31. Rxb2
Rxc3 32. Rxb6 Rxa3 33. Rxb7 Kg8 $11) 30... hxg5 31. e4 Ne3 $11) 30. Re1 Rf8 (
30... Re7 31. Ne2 $14) 31. Re2 $2 {White is completely unaware of the
excellent chance to get advantage with a fine manouver 31.Ne2!} (31. Ne2 $1 Kf7
32. Nd4 Rc5 33. Rxb6 $16) 31... Rd8 32. Kg3 Rdc8 33. Bf3 Nc4 34. Nb5 Re8 35.
Nd4 Rd6 36. b3 (36. h4 $1 gxh4+ 37. Kxh4 $16) 36... Nxa3 (36... Na5 37. f5 e5
38. Ne6+ Kf7 39. Rc2 $16) 37. Ra4 gxf4+ (37... Nb1 38. fxg5 (38. Rc2) 38...
hxg5 (38... Nc3 39. gxf6+ Kxf6 40. Rf2 Nxa4 41. bxa4 $18) 39. Rc2 Kf8 40. Ra1
$19) 38. exf4 Nb1 39. Rc2 (39. Nb5 Rc6 40. Ra7 Nc3 41. Rxb7+ Kf8 42. Nxc3 Rxc3
43. Rxb6 $16) 39... Ne4+ (39... Kf8 40. Kh4 Ne4 41. Nb5 Rc6 42. Bxe4 dxe4 43.
Re2 Nc3 44. Nxc3 Rxc3 45. Raxe4 Rxb3 46. Rxe6 $18) 40. Bxe4 dxe4 41. Kf2 b5 $2
{Black panicks in the face of problems with knight on b1, but the position was
not so critical.} (41... Kf6 42. Rb4 (42. h4 e5 43. g5+ hxg5 44. fxg5+ Kg6 45.
Nb5 Rf8+ 46. Ke2 Rd5 $13) 42... e5 43. Nb5 Rc6 44. Rxc6+ bxc6 45. Nd6 $14) 42.
Nxb5 Rd3 43. Rxe4 Rxh3 44. Rc7+ Kf6 45. Nd6 Rg8 46. Rf7+ 1-0

[Event "EU-chT (Men) 12th"]
[Site "Batumi"]
[Date "1999.12.01"]
[Round "3.1"]
[White "Krasenkow, Michal"]
[Black "Illescas Cordoba, Miguel"]
[Result "1-0"]
[WhiteElo "2647"]
[BlackElo "2600"]
[Annotator "Ftacnik,L"]
[PlyCount "91"]
[EventDate "1999.11.06"]
[EventType "team-swiss"]
[EventRounds "9"]
[EventCountry "GEO"]
[SourceTitle "CBM 074"]
[Source "ChessBase"]
[SourceDate "2000.02.01"]
[SourceVersion "1"]
[SourceVersionDate "2000.02.01"]
[SourceQuality "1"]
[WhiteTeam "Poland"]
[BlackTeam "Spain"]
[WhiteTeamCountry "POL"]
[BlackTeamCountry "ESP"]

1. d4 d5 2. c4 e6 3. Nf3 c5 4. cxd5 exd5 5. Nc3 Nc6 6. g3 Nf6 7. Bg2 Be7 8. O-O
O-O 9. Bg5 cxd4 10. Nxd4 h6 11. Be3 Re8 12. Qc2 Bg4 13. Rfd1 Bf8 (13... Qd7) (
13... Bb4) 14. Nxc6 (14. Rac1 Rc8 15. Nxc6 bxc6 16. Bd4 Bb4 17. Rd2 Qe7 18. a3
Ba5 19. b4 Bb6 20. e3 Qe6 21. Qb2 Bxd4 22. Rxd4 c5 23. bxc5 Rxc5 24. Ne2 Rec8 {
1/2-1/2 Beliavsky,A-Kasparov,G/Moscow/1983/ (31)}) 14... bxc6 15. Bd4 $5 {
Krasenkow comes up with an interesting plan of centralizing the bishop with
the aim to prepare the push f4 and e4.} Bh5 16. Rd2 Nd7 (16... Bb4 $5 17. a3
Ba5 18. b4 Bb6 19. e4 Bxd4 20. Rxd4 Qb6 21. Qd2 $11) (16... Bg6 17. Qa4 Qd6 18.
Rc1 $14) 17. f4 Nb6 (17... c5 18. Bf2 d4 19. Nb5 $1 (19. Bxa8 Qxa8 20. Na4 Bg4
$1 $132) 19... Rb8 20. Nxa7 Qf6 21. a4 $14) 18. e4 Nc4 $6 (18... dxe4 19. Bxg7
$16) (18... c5 19. Bf2 d4 20. e5 Bg6 21. Ne4 Nd5 $13) 19. Rd3 Qa5 20. g4 $1 {
This ammounts to the refutation of the black's defensive idea. Black's center
falls down and his king comes under fire.} (20. exd5 $6 Bg6 21. dxc6 Nxb2 22.
Qxb2 Bxd3 $15) 20... Bxg4 (20... c5 21. Bf2 Bxg4 22. Nxd5 $18) (20... Bg6 21.
f5 Bh7 22. exd5 $16) 21. Rg3 Bd7 (21... Bc5 $1 22. Qf2 Bxd4 23. Qxd4 c5 24. Qd3
(24. Qxd5 Nxb2 25. Qd2 Na4 26. Rc1 Rad8 $17) (24. Qf2 d4 25. Nd5 Ne3 26. Nxe3
dxe3 27. Qxe3 Be6 $11) 24... Nxb2 25. Qc2 Qb4 26. Nxd5 Qd4+ 27. Qf2 Qxf2+ 28.
Kxf2 $14) 22. exd5 Rac8 (22... c5 23. Ne4 Kh8 24. Nf6 $18) (22... cxd5 23. Nxd5
Rac8 24. Nf6+ Kh8 25. Qh7#) 23. Ne4 Rxe4 $8 (23... f5 24. Nf6+ Kh8 25. Nxe8
Rxe8 26. Qxc4 $18) 24. Bxe4 Nd2 (24... cxd5 25. Qg2 $1 f6 26. Bxd5+ Kh8 27. Rd1
$18) 25. d6 Nxe4 26. Qxe4 Re8 27. Qg2 Re1+ (27... Kh8 28. Bc3 Qc5+ 29. Kh1 Qd5
30. Bxg7+ Bxg7 31. Rxg7 Be6 32. Rg1 Qxg2+ 33. R7xg2 Bd5 34. Rd1 $18) 28. Rxe1
Qxe1+ 29. Qf1 Qe4 (29... Qe6 30. b4 Qxd6 (30... Qxa2 31. Qa1 Qxa1+ 32. Bxa1 $16
) 31. Bc5 Qb8 32. Bxf8 Qxf8 33. a3 $16) 30. Be5 {White pawns are weak and his
king exposed. On the other hand he has an extra exchange and a potentially
dangerous d6 passed pawn.} c5 (30... f6 31. Bxf6 Qe6 32. Be5 $18) 31. Kf2 Bc6 (
31... f6 32. Bxf6 Qxf4+ 33. Kg1 Qxd6 34. b3 a6 35. Qa1 $16) 32. Qe1 Qf5 (32...
Qd5 33. Qe3 Qh1 34. Rxg7+ Bxg7 35. Qg3 f6 36. d7 Bxd7 37. Bxf6 $18) 33. Qc3 f6
34. Bxf6 Qxf4+ 35. Kg1 g5 (35... Qxd6 36. Bxg7 Qd1+ 37. Kf2 $18) 36. Be5 Qe4
37. Kf2 Qf5+ 38. Ke1 Qe4+ 39. Kd2 c4 (39... Bb5 40. Qxc5 Qe2+ 41. Kc1 Qe1+ 42.
Kc2 $18) 40. Re3 Qd5+ 41. Kc1 {White king is finally safe and d6 pawn still on
the board.} Bd7 (41... Bxd6 42. Bxd6 Qxd6 43. Qxc4+ $18) 42. b3 Bb5 (42... cxb3
43. Qxb3 $18) 43. Qc2 Qe6 44. bxc4 Bxc4 45. d7 Be7 46. Bd4 (46. Bd4 Qa6 47.
Rxe7 Qa3+ 48. Bb2 Qxe7 49. Qg6+ (49. Qxc4+ $18) 49... Kf8 50. Bg7+ $18) 1-0

[Event "URS-ch U26"]
[Site "Minsk"]
[Date "1990.??.??"]
[Round "?"]
[White "Khenkin, Igor"]
[Black "Magomedov, Magaram"]
[Result "0-1"]
[WhiteElo "2450"]
[BlackElo "2360"]
[Annotator "Ftacnik,L"]
[PlyCount "70"]
[EventDate "1990.01.??"]
[EventType "tourn"]
[EventRounds "13"]
[EventCountry "URS"]
[EventCategory "10"]
[SourceTitle "CBM 017"]
[Source "ChessBase"]
[SourceDate "1990.08.01"]
[SourceVersion "1"]
[SourceVersionDate "1990.08.01"]
[SourceQuality "1"]

1. d4 d5 2. c4 e6 3. Nc3 c5 4. cxd5 exd5 5. Nf3 Nc6 6. g3 Nf6 7. Bg2 Be7 8. O-O
O-O 9. Bg5 c4 10. Ne5 h6 11. Bxf6 Bxf6 {N} (11... gxf6 $2 12. Nxc6 bxc6 13. e4
dxe4 14. Bxe4 f5 15. Bxc6 Rb8 16. Qe2 $16 {Sorri,J-Raaste,E/Helsinki/1989/})
12. f4 Ne7 13. b3 $5 Bxe5 14. fxe5 cxb3 15. Qxb3 Nf5 $1 16. Rf4 Ne3 (16... g5
17. Rxf5 Bxf5 18. Nxd5 Be6 19. Qxb7 Rb8 20. Nf6+ Kg7 21. Qe4 $16) 17. Bxd5 $1 (
17. Nxd5 Nxg2 18. Kxg2 Be6 19. e4 Qd7 {/\ Rad8}) 17... Nxd5 18. Qxd5 $16 Qc7
19. Qf3 Rb8 20. Rh4 $6 (20. Rf1 $40) 20... Be6 21. Ne4 (21. d5 Rbc8 $1) 21...
Qc2 22. Qe3 Rfc8 23. Rf1 (23. Nf6+ Kf8 $13 (23... gxf6 24. Qxh6 $18)) 23... Kf8
24. Nd6 Rc3 25. Qf2 Qxa2 26. Rf4 Rc7 27. e4 Rc2 28. Rxf7+ Kg8 $1 29. Rf8+ Rxf8
30. Qxf8+ Kh7 31. Qf3 Bh3 32. Re1 Rg2+ 33. Kh1 Rxh2+ 34. Kg1 Rg2+ 35. Kh1 Rf2 {
Ftacnik,L} 0-1

[Event "Chigorin Memorial 07th"]
[Site "St Petersburg"]
[Date "1999.11.05"]
[Round "4"]
[White "Kharitonov, Andrei Y"]
[Black "Khmelnitski, Alexander"]
[Result "1-0"]
[WhiteElo "2559"]
[BlackElo "2444"]
[Annotator "Ftacnik,L"]
[PlyCount "113"]
[EventDate "1999.11.02"]
[EventType "swiss"]
[EventRounds "9"]
[EventCountry "RUS"]
[SourceTitle "CBM 074"]
[Source "ChessBase"]
[SourceDate "2000.02.01"]
[SourceVersion "1"]
[SourceVersionDate "2000.02.01"]
[SourceQuality "1"]

1. d4 d5 2. c4 e6 3. Nf3 c5 4. cxd5 exd5 5. g3 Nc6 6. Bg2 Nf6 7. O-O Be7 8. Nc3
O-O 9. Bg5 cxd4 10. Nxd4 h6 11. Be3 Re8 12. Qc2 Bf8 {This uncommon move is a
bit premature, black should rather develop his other bishop.} (12... Bg4 13. h3
Be6 14. Rad1 Rc8 (14... Qd7 15. Nxe6 (15. Kh2 Rad8 16. Nxe6 fxe6 17. f4 Bf8 18.
Bg1 Qf7 19. e4 d4 20. Nb5 e5 21. fxe5 d3 22. Qb3 Qxb3 23. axb3 Rxe5 24. Nc3 Bc5
{0-1 Rogozenko,D-Orsag,M/Germany/1997/ (43)}) 15... fxe6 16. f4 Rad8 (16... Bb4
17. a3 Bxc3 18. Qxc3 Rac8 19. Qb3 Kh8 20. g4 Qf7 21. Qd3 Rcd8 22. Bd4 Nxd4 23.
Qxd4 {1/2-1/2 Rogozenko,D-Breutigam,M/GER-chT/1997/ (23)}) 17. Bf2 Qc7 18. e4
d4 19. Ne2 e5 20. fxe5 Qxe5 21. Nf4 Rd7 22. Qc4+ Kh7 23. Nd3 {1-0 Kharitonov,
A-Malevinsky,A/Leningrad/1989/ (38)}) (14... Qc7 15. Nxe6 fxe6 16. f4 Bb4 17.
Bf2 Rad8 18. e4 Qf7 19. e5 Nh7 20. a3 Be7 21. b4 a6 22. Bb6 Rd7 23. f5 Nxe5 24.
fxe6 Qxe6 25. Bxd5 Rxd5 26. Nxd5 {1-0 Basin,L-Linn,P/Dearborn/1992/ (42)}) 15.
Nxe6 fxe6 16. Kh2 a6 17. f4 Bd6 18. Bg1 Ne7 19. Qd3 Bb4 20. Rc1 Nf5 21. Nxd5
Nxd5 22. Rxc8 Qxc8 23. e4 Nh4 24. Bh1 Nxf4 25. gxf4 Bc5 {1/2-1/2 Tisdall,
J-Rantanen,Y/Oslo/1986/ (31)}) 13. Rad1 Bg4 14. h3 Be6 15. Nxe6 fxe6 16. f4 Qa5
17. Bf2 Bc5 (17... Rad8 18. a3 Bc5 19. e3 Bb6 20. Kh1 Rf8 21. Rfe1 Qc5 22. g4
Rd7 23. b4 Qd6 24. Bh4 g5 25. Bg3 a6 26. Bh2 Qe7 27. fxg5 hxg5 28. e4 Qh7 29.
Qc1 Qh4 30. exd5 Nxg4 $13 {1/2-1/2 Neverov,V-Kirpichnikov,V/Pardubice/1993/ 
(42)}) 18. e4 Bxf2+ (18... d4 $2 19. e5 $1 Ng4 (19... dxc3 20. exf6 $18) 20.
hxg4 dxc3 21. bxc3 $18) 19. Rxf2 Rad8 $2 {It is easy to understand, that black
was not attracted by the prospect of life with e6 pawn. Still it was a best
chance to get real counterplay.} (19... dxe4 $1 20. Nxe4 Nxe4 21. Bxe4 Rad8 (
21... Qxa2 22. Rd7 $16) 22. Rfd2 (22. Rxd8 Rxd8 23. Bxc6 bxc6 24. Qxc6 Qe1+ 25.
Kg2 Rd1 26. Qc8+ Kf7 27. Qc7+ Kg8 $11) 22... Rxd2 23. Rxd2 Qxa2 24. Bxc6 bxc6
25. Qxc6 Rb8 $14) 20. exd5 Nxd5 (20... Nb4 21. Qb3 Nbxd5 22. Rfd2 $1 (22. Nxd5
exd5 23. Rfd2 Qc5+ 24. Kh2 Rd7 $14) 22... Nxc3 23. Rxd8 Nxd1 24. Qxe6+ Kf8 25.
Qd6+ Kg8 26. Rxe8+ Nxe8 27. Qxd1 Qb6+ 28. Kh1 Qxb2 29. Qd5+ Kf8 30. Qc5+ Kf7
31. Qxa7 $16) 21. Nxd5 exd5 22. Qb3 Re1+ (22... Ne7 23. Re2 Kf8 24. Re5 $16)
23. Rxe1 Qxe1+ 24. Rf1 Qe7 $6 (24... Qe6 25. Rd1 Ne7 26. Qxb7 Qe3+ 27. Kh2 Nf5
28. Bxd5+ Kh8 29. Rg1 Qd2+ 30. Bg2 Qf2 31. Qf3 Qxb2 $16) 25. Rd1 Kh8 26. Rxd5 {
Black faces a disaster, since he lost a clear pawn and also his knight will be
weak against the far reaching white bishop.} Re8 (26... Rxd5 27. Qxd5 Qe1+ 28.
Kh2 Qf2 29. Qb5 $18) 27. Qc3 Rd8 (27... Qe1+ 28. Qxe1 Rxe1+ 29. Kf2 Ra1 30. Rd7
Rxa2 31. Rxb7 Ra6 32. Be4 $18) 28. Rxd8+ Qxd8 29. Qe3 Qd7 (29... Qd1+ 30. Kh2
Qc2 $2 31. Qe8+ Kh7 32. Qe4+ $18) 30. Kh2 Qf7 31. a3 Qd7 32. h4 Qf7 (32... g6
33. b4 $18) 33. Qe4 a6 34. Bf1 Qe7 35. Bd3 Kg8 (35... Qxe4 36. Bxe4 Nd8 37. Bd5
$18) 36. Qxe7 Nxe7 37. g4 {[%mdl 4096] White will systematically improve his
position, black is unable to dend both flanks.} Kf7 38. Kg3 Ke6 39. Kf3 a5 (
39... Kd5 40. Be4+ Kc4 41. Bxb7 a5 42. Ke4 Kb3 43. h5 Kxb2 44. Ke5 Kxa3 45. Ke6
Ng8 46. Kf7 Nf6 47. Bf3 $18) 40. Ke4 Kd6 41. f5 $1 Nc6 42. g5 hxg5 43. hxg5 Ne5
44. Bb5 Nf7 45. Kf4 Ke7 (45... b6 46. g6 Ne5 (46... Nh6 47. Bc4 $18) 47. f6 $1
Nxg6+ 48. Kg5 gxf6+ 49. Kxg6 $18) 46. Bc4 Nd6 47. Bd5 b5 48. Ke5 Nc8 49. f6+
gxf6+ 50. gxf6+ Kf8 (50... Kd7 51. Be6+ $18) 51. Bc6 b4 (51... Na7 52. Bd7 $18)
52. a4 Kf7 53. b3 Nb6 (53... Kf8 54. Ke6 Nb6 55. Kd6 $18) 54. Kf5 Nc8 55. Bd5+
Kf8 56. Ke6 Nb6 57. Bc6 1-0

[Event "Alushta1"]
[Site "Alushta"]
[Date "1994.??.??"]
[Round "2"]
[White "Manakova, Maria"]
[Black "Moskalenko, Viktor"]
[Result "0-1"]
[WhiteElo "2315"]
[BlackElo "2535"]
[Annotator "Ftacnik,L"]
[PlyCount "82"]
[EventDate "1994.01.??"]
[EventType "tourn"]
[EventRounds "9"]
[EventCountry "UKR"]
[EventCategory "8"]
[SourceTitle "CBM 040"]
[Source "ChessBase"]
[SourceDate "1994.06.01"]
[SourceVersion "1"]
[SourceVersionDate "1994.06.01"]
[SourceQuality "1"]

1. Nf3 d5 2. c4 e6 3. g3 c5 4. Bg2 Nc6 5. O-O Nf6 6. d4 Be7 7. cxd5 exd5 8. Nc3
O-O 9. b3 Bg4 10. Ne5 cxd4 11. Nxc6 bxc6 12. Qxd4 c5 13. Qd2 d4 14. Na4 (14.
Bxa8 Qxa8 15. Nd1 Bh3 16. f3 Bxf1 17. Kxf1 Nd5 18. Nb2 Ne3+ 19. Kg1 Re8 $17 {
Olivieri,M-Giaccio,A/Buenos Aires Najdorf op/1993/}) 14... Rc8 15. Ba3 Re8 16.
Rfe1 (16. Rac1 c4 17. Bxe7 Rxe7 18. Rxc4 Rxc4 19. bxc4 Rxe2 $17) 16... Qd7 17.
Nb2 (17. Rac1 $2 c4 $1 18. Bxe7 Rxe7 19. e3 dxe3 20. Qxd7 exf2+ 21. Kxf2 Rxd7
$17) 17... Bh3 18. Bf3 Ng4 19. Nc4 h6 20. Qd3 (20. Rad1 Bg5 21. Qa5 Qe7 22.
Bxg4 (22. Rxd4 Nxf2 23. Rd5 Ne4 $17) 22... Bxg4 23. Rxd4 Bxe2 24. Rd5 Qb7 25.
Rxg5 Bxc4 26. Rxe8+ Rxe8 27. Rxc5 Bf1 $1) 20... Bg5 21. Bc1 Nf6 22. Bxg5 hxg5
23. e4 (23. e3 Bf5 24. Qd2 Be4 $17) 23... Re6 24. e5 Qe7 $1 25. Qd2 (25. b4 Nd7
26. bxc5 Qxc5 27. Rec1 Rd8 $15) 25... Nd7 26. Nd6 (26. Qa5 Nxe5 27. Nxe5 Rxe5
28. Rxe5 Qxe5 29. Qxa7 c4 $1 (29... d3 30. Rd1 d2 31. Qa5 $1) (29... Re8 30.
Qa5 Qf5 31. Bc6 Re2 32. Qa8+ Kh7 33. Bf3 Re8 34. Qd5) 30. bxc4 Re8 $17) 26...
Nxe5 27. Rxe5 (27. Nxc8 Nxf3+ 28. Kh1 Qb7 $19) 27... Rxe5 28. Nxc8 Bxc8 29. Rc1
Bh3 30. Bg2 g4 31. b4 Re2 32. Qd3 Re1+ 33. Rxe1 Qxe1+ 34. Qf1 Qxb4 (34... Qxf1+
35. Bxf1 cxb4 $19) 35. Bxh3 gxh3 36. Qxh3 Qb1+ 37. Kg2 Qe4+ 38. Kg1 d3 39. Qc8+
Kh7 40. Qxc5 d2 41. Qh5+ (41. Qd6 Qe1+ 42. Kg2 d1=Q $19) 41... Kg8 0-1

[Event "New York Generation"]
[Site "New York"]
[Date "2003.04.29"]
[Round "6"]
[White "Christiansen, Larry Mark"]
[Black "Bluvshtein, Mark"]
[Result "1-0"]
[WhiteElo "2544"]
[BlackElo "2451"]
[Annotator "Ftacnik,L"]
[PlyCount "59"]
[EventDate "2003.04.23"]
[EventType "tourn"]
[EventRounds "9"]
[EventCountry "USA"]
[EventCategory "10"]
[SourceTitle "CBM 095"]
[Source "ChessBase"]
[SourceDate "2003.07.25"]
[SourceVersion "1"]
[SourceVersionDate "2003.07.25"]
[SourceQuality "1"]

1. d4 d5 2. c4 e6 3. Nf3 c5 4. cxd5 exd5 5. g3 Nc6 6. Bg2 Nf6 7. O-O Be7 8. Nc3
O-O 9. Bg5 c4 10. Ne5 Be6 11. f4 Ng4 12. Nxg4 Bxg4 13. Bxd5 Bxg5 14. fxg5 Qxg5
15. Rf4 Rad8 16. Qd2 Bh3 17. e4 Be6 {Equalizing in this variation is not so
easy for black, Bluvshtein follows his own game with Shulman.} 18. Raf1 Bxd5 (
18... Qe7 19. Bxc6 bxc6 20. Rd1 $14) 19. Nxd5 Rfe8 (19... f5 20. Qf2 g6 21. Qe2
$1 fxe4 22. Qxc4 $18) 20. Qc3 Qg6 (20... b5 21. b3 (21. Rxf7 Rxe4 22. Qf3 Ree8
23. Nc7 Qe3+ 24. Qxe3 Rxe3 25. Nxb5 a6 26. Nd6 Nxd4 27. Nxc4 $16) 21... Rxd5
22. exd5 Qxd5 23. bxc4 bxc4 24. Qf3 Qxf3 25. R4xf3 Nxd4 26. Rxf7 c3 27. Rxa7 c2
28. Rc7 $16) 21. Qxc4 Rxe4 22. Rxf7 Qe6 (22... Rxd4 $2 23. Rf8+ Rxf8 24. Ne7+
Kh8 25. Rxf8#) 23. Qb3 (23. R7f5 h6 24. Nf6+ gxf6 25. Qxe6+ Rxe6 26. d5 Re2 27.
dxc6 bxc6 28. R5f2 Rxf2 29. Rxf2 Kf7 $11) 23... b6 $2 {First independent move
and a serious mistake. If the defender would really have done his homework the
solution would have been 23...Re1! where white must probably accept equality.}
(23... Re2 24. Qf3 h6 25. Rf8+ (25. Nc7 $1 Qe3+ (25... Qc4 26. d5 Ne5 27. Rf8+
Rxf8 28. Qxf8+ Kh7 29. Ne6 Qg4 30. Qf5+ Qxf5 31. Rxf5 $16) 26. Qxe3 Rxe3 27. d5
$16) (25. Nc3 Re3 26. d5 Rxf3 27. dxe6 Rxf1+ 28. Kxf1 Rf8 $14) 25... Rxf8 26.
Qxf8+ Kh7 27. Qf3 Rxb2 28. Qd3+ Qg6 {1/2-1/2 Shulman,Y-Bluvshtein,M/Chicago
2002/ (34)}) (23... Re1 $1 24. Rxe1 Qxf7 25. Ne7+ Nxe7 26. Rxe7 Qxb3 27. axb3
Rxd4 28. Rxb7 Rd1+ 29. Kg2 Rd2+ 30. Kh3 Rxb2 $11) 24. Qf3 h6 25. Rf8+ Rxf8 (
25... Kh7 26. Rxd8 Nxd8 27. Nf4 $16) 26. Qxf8+ Kh7 27. Nf4 Qd7 (27... Qg4 28.
Qf7 $1 (28. d5 Nd4 29. Kh1 Ne2 $14) 28... Rxd4 29. Nh5 Kh8 30. Nxg7 $16) 28. d5
Nb4 $2 {This tactical flop just speeds up the end.} (28... Nd4 29. Ne6 Rg4 30.
Qf7 (30. Qf5+ Nxf5 31. Nf8+ Kg8 32. Nxd7 $16) 30... Ne2+ 31. Kg2 Qxd5+ 32. Kh3
Qe4 33. Re1 $16) (28... Re8 29. Qa3 Ne5 30. Qc3 $16) 29. Ne6 Nxd5 (29... Rc4
30. Rf7 Rc1+ 31. Kf2 Nd3+ 32. Ke3 Re1+ 33. Kd2 $18) 30. Qf5+ 1-0